|
|
|
|
| LEADER |
01869nam a2200457 i 4500 |
| 001 |
EBC6423970 |
| 003 |
MiAaPQ |
| 005 |
20210316233454.0 |
| 006 |
m o d | |
| 007 |
cr cnu|||||||| |
| 008 |
210316s2020 enka ob 001 0 eng d |
| 020 |
|
|
|z 9781911193647
|
| 020 |
|
|
|a 9781911193661 (e-book)
|
| 035 |
|
|
|a (MiAaPQ)EBC6423970
|
| 035 |
|
|
|a (Au-PeEL)EBL6423970
|
| 035 |
|
|
|a (OCoLC)1203955640
|
| 040 |
|
|
|a MiAaPQ
|b eng
|e rda
|e pn
|c MiAaPQ
|d MiAaPQ
|
| 050 |
|
4 |
|a HG226.3
|b .M675 2020
|
| 082 |
0 |
|
|a 332.414
|2 23
|
| 100 |
1 |
|
|a Mosley, Ivo,
|d 1951-
|e author.
|
| 245 |
1 |
0 |
|a Bank robbery :
|b the way we create money, and how it damages the world /
|c Ivo Mosley.
|
| 250 |
|
|
|a First edition.
|
| 264 |
|
1 |
|a Axminster, United Kingdom :
|b Triarchy Press,
|c [2020]
|
| 264 |
|
4 |
|c 2020
|
| 300 |
|
|
|a 1 online resource (198 pages) :
|b illustrations
|
| 336 |
|
|
|a text
|b txt
|2 rdacontent
|
| 337 |
|
|
|a computer
|b c
|2 rdamedia
|
| 338 |
|
|
|a online resource
|b cr
|2 rdacarrier
|
| 504 |
|
|
|a Includes bibliographical references and index.
|
| 588 |
|
|
|a Description based on print version record.
|
| 590 |
|
|
|a Electronic reproduction. Ann Arbor, MI : ProQuest, 2018. Available via World Wide Web. Access may be limited to ProQuest affiliated libraries.
|
| 650 |
|
0 |
|a Banks and banking.
|
| 650 |
|
0 |
|a Equality
|x Economic aspects.
|
| 650 |
|
0 |
|a Economics
|x Sociological aspects.
|
| 650 |
|
0 |
|a Banks and banking
|x Social aspects.
|
| 650 |
|
0 |
|a Money supply.
|
| 650 |
|
0 |
|a Monetary policy.
|
| 655 |
|
4 |
|a Electronic books.
|
| 776 |
0 |
8 |
|i Print version:
|a Mosley, Ivo, 1951-
|t Bank robbery : the way we create money, and how it damages the world.
|d Axminster, United Kingdom : Triarchy Press, c2020
|h 198 pages
|z 9781911193647
|w (DLC) 2019467510
|
| 797 |
2 |
|
|a ProQuest (Firm)
|
| 856 |
4 |
0 |
|u https://ebookcentral.proquest.com/lib/matrademy/detail.action?docID=6423970
|z Click to View
|